| 000 | 00746na a2200229 4500 | ||
|---|---|---|---|
| 001 | 23597 | ||
| 003 | MIRAKIL | ||
| 005 | 20181213155322.0 | ||
| 008 | 180109b tu 000 0 | ||
| 022 | _a13022946 | ||
| 040 |
_aMilas _btur _cTR-AnCHP |
||
| 041 | _atur | ||
| 082 |
_a330.9561 _bB55 1999 |
||
| 090 | _a330.9561 B55 1999 | ||
| 110 | _aİstanbul Ticaret Odası (İTO) | ||
| 245 |
_a1998 yılı sektörler itibariyle ankete dayalı ekonomik durum analizi _cİstanbul Ticaret Odası (İTO) |
||
| 260 |
_aİstanbul _bİstanbul Ticaret Odası (İTO) _c1999 |
||
| 300 |
_a130 s. _btbl. , grf. , şkl. _c30 sm. |
||
| 440 |
_aİstanbul Ticaret Odası _vyayın no: 1999-18 |
||
| 650 |
_aTürkiye _xEkonomik durum _y1999 |
||
| 942 |
_2ddc _cBKS |
||
| 999 |
_c10451 _d10451 |
||